| 000 | 00000nas 2200000za 4500 |
| 001 | 9.819941 |
| 003 | CaOODSP |
| 005 | 20250501155906 |
| 007 | cr ||||||||||| |
| 008 | 160623c20159999mbcar p o f0 a0eng|d |
| 022 | |a2560-7545 |
| 040 | |aCaOODSP|beng |
| 043 | |an-cn--- |
| 086 | 1 |aA92-40E-PDF |
| 222 | 0|aQuality of Canadian oilseed-type soybeans ... |
| 245 | 00|aQuality of Canadian oilseed-type soybeans ... |h[electronic resource]. |
| 260 | |aWinnipeg : |bGrain Research Laboratory, Canadian Grain Commission, |c2015- |
| 310 | |aAnnual |
| 362 | 0 |aBegan with 2015. |
| 500 | |aIssued also in French under title: Qualité du soja oléagineux canadien. |
| 692 | 07|2gccst|aGrains |
| 710 | 2 |aCanadian Grain Commission. |
| 775 | 08|tQualité du soja oléagineux canadien ... |w(CaOODSP)9.819943 |
| 780 | 00|tQuality of Canadian non-food grade soybeans |w(CaOODSP)9.507145 |